Moluscos de Nicaragua I -Bivalvos

Bibliographic Details
Main Authors: López de la Fuente, Adolfo, Urcuyo, Janina
Format: Section = Libro
Language:Undetermined
Spanish
Published: Managua MARENA 2008
Subjects:
LEADER 00547nam a2200205Ia 4500
008 240829s9999 xx 000 0 und d
020 |a 978-99924-73-02 
040 |a BIBLIOTECA-RUSB/ Ref 594 L864 
041 |a spa 
082 |a Ref 594 L864 
100 1 |a López de la Fuente, Adolfo  
100 1 |b Urcuyo, Janina 
245 1 0 |a Moluscos de Nicaragua I -Bivalvos 
260 |a Managua  |b MARENA  |c 2008 
300 |a 136 p. :il. 
650 7 |a MOLUSCOS - NICARAGUA 
650 7 |b  BIVALVOS - INVESTIGACIONES 
942 |c BK  |2 ddc 
991 |a TEXTO 
999 |c 6075